Responses for Show #4094 - Thursday, May 23, 2002

Contestants

[<< previous game]

Scott Olsen, a college student from San Diego, California

Robin Klenke, an internal auditor from San Martin, California

Patrick Kerr, a freelance writer originally from Fort Scott, Kansas

[next game >>]

Jeopardy! Round responses

JAMES BUCHANAN
INTERNATIONAL AIRLINES
(Alex: We want you to give us the country that is each airline's home base.)
TORRID STORY PROBLEMS
POKER NIGHT
SPORTS CHANNEL
WITH A CAPITAL Q
    $200 11
log cabin

Patrick
    $200 1
Japan

Patrick
    $200 26
40

Scott
    $200 21
cuts the cards (cuts the deck)

Scott
    $200 16
Larry Bird

Patrick
    $200 6
Quincy

Patrick
    $400 12
(Robin: What is his sister?)

niece

Robin
Triple Stumper
    $400 2
Germany

Patrick
    $400 27
13

Scott
    $400 22
ante

Patrick
    $400 17
parasailing

Robin
    $400 7
Q-Tips

Robin
    $600 13
lawyer

Robin
    $600 3
Netherlands

Robin
    $600 28
1:3 (3:1)

Robin
    $600 23
folding

Patrick
    $600 18
(Scott: Who is Ditka?)

Dick Butkus

PatrickScott
    $600 8
(Scott: What is Quebec?)

Quebecker

Scott
Triple Stumper
    $800 14
Secretary of State

Scott
    $800 4
Russia

Robin
    $800 29
(Robin: What is 8?)

6

PatrickRobin
    $800 24
draw

Scott
    $800 19
NHL

Patrick
    $800 9
Quantico

Patrick
    $1000 15
(Scott: What is Washington?)

Baltimore

PatrickScott
    $500 5
Greece

Robin
    $1000 30
31

Robin
    $1000 25
(Alex: Say something.)
(Robin: What is a royal straight?)
...
(Alex: You're trying to fill
an [*]--not a good play in poker.)

inside straight

Robin
Triple Stumper
    $1000 20
lug nuts

Robin
    $1000 10
Queensland nut

Triple Stumper

Scores at the first commercial break (after clue 15):

Patrick Robin Scott
$2,800 $2,500 -$800

Scores at the end of the Jeopardy! Round:

Patrick Robin Scott
$6,200 $3,700 $200

Double Jeopardy! Round responses

COUNTIES
PEOPLE OF THE '80s
BUG LIT
"AU" STRUCK
BADA BING
BADA BOOM!
    $400 14
New Mexico

Patrick
    $400 26
Merv Griffin

Robin
    $400 10
Lord of the Flies

Scott
    $400 5
leprechaun

Patrick
    $400 13
(Robin: What is Holiday Inn?)

White Christmas

PatrickRobin
    $400 1
sugar

Robin
    $800 15
Pocahontas

Robin
    $800 27
Abscam

Triple Stumper
    $800 11
The Day of the Locust

Triple Stumper
    $800 6
epaulets

Robin
    $800 21
Dorothy Lamour

Robin
    $800 2
TNT

Robin
    $1200 16
(Robin: What is Florida?)

Alabama

PatrickRobin
    $5,000 28
(Robin: Who is Jessica?)
(Alex: We need 3 women.)

Donna Rice, Fawn Hall & Jessica Hahn

Robin
    $1200 12
Along Came a Spider

Triple Stumper
    $2,000 7
gauche

Robin
    $1200 22
(Alex: Now's the time
for [*], yes.)
[Laughter]

Holiday Inn

Robin
    $1200 3
(Robin: What is fusion?)
(Scott: What is [*]? Nuclear [*]?)
(Alex: [*]. Yeah, okay.)
[Scott pronounced his response to rhyme with "vision" while Alex said it with the double "S" sound.]

fission

RobinScott
    $1600 17
Bourbon

Triple Stumper
    $1600 29
Daniel Ortega

Triple Stumper
    $1600 19
The Mosquito Coast

Patrick
    $1600 8
Caucasus

Patrick
    $1600 23
(Robin: What are Belles on Their Toes?)

The Bells of St. Mary's

Robin
Triple Stumper
    $1600 4
Bikini

Patrick
    $2000 18
Harris

Patrick
    $2000 30
Herschel Walker

Triple Stumper
    $2000 20
Butterflies Are Free

Robin
    $2000 9
monaural

Robin
    $2000 24
"Too-Ra-Loo-Ra-Loo-Ral"

Robin
    $2000 25
(Robin: Who is Teller?)
...
(Alex: Minute to go now.)

(Robert) Oppenheimer

PatrickRobin

Scores at the end of the Double Jeopardy! Round:

Patrick Robin Scott
$17,400 $15,500 $1,800

[wagering suggestions for these scores]

Final Jeopardy! Round responses

ISRAEL
(Patrick: [Fist pump upon finding out he was correct] Yes!)
(Alex: How much money--hello! $14,000 for a $31,400 total!)
[Boisterous audience reaction]
(Alex: Well done. We'll see you tomorrow to wrap up the week here on Jeopardy!)
(Patrick: [Doing a fist bang and clapping] Woo!)
(Alex: Is he happy or what? "Yes" is the answer. So long.)
ScottWhat are Egypt & Saudi Arab.
$1,800
RobinWhat are Saudi Arabia and
$5,500
PatrickWhat is Egypt and Jordan
$14,000
Egypt & Jordan

Final scores:

Patrick Robin Scott
$31,400 $10,000 $0
New champion: $31,400 2nd place: $2,000 3rd place: $1,000

Game dynamics:

Coryat scores:

Patrick Robin Scott
$17,400 $11,400 $1,800
21 R,
0 W
21 R
(including 3 DDs),
8 W
7 R,
3 W

Combined Coryat: $30,600

[game clues] [game scores] [suggest correction]

Game tape date: 2002-01-30
The J! Archive is created by fans, for fans. Scraping, republication, monetization, and malicious use prohibited; this site may use cookies and collect identifying information. See terms. The Jeopardy! game show and all elements thereof, including but not limited to copyright and trademark thereto, are the property of Jeopardy Productions, Inc. and are protected under law. This website is not affiliated with, sponsored by, or operated by Jeopardy Productions, Inc. Join the discussion at JBoard.tv.